Harry Potter Houses - Statistics

General Stats
  • This quiz has been taken 97 times
    87 since last reset
  • The average score is 13 of 15
Answer Stats
Question Answer % Correct
Neville Longbottom Gryffindor
98%
Percy Weasley Gryffindor
97%
Cedric Diggory Hufflepuff
97%
Severus Snape Slytherin
97%
Albus Dumbledore Gryffindor
95%
Cho Chang Ravenclaw
95%
Luna Lovegood Ravenclaw
94%
Minerva McGonagall Gryffindor
92%
Sirius Black Gryffindor
92%
Dolores Umbridge Slytherin
84%
The Grey Lady (Helena) Ravenclaw
79%
Filius Flitwick Ravenclaw
78%
Nymphadora Tonks Hufflepuff
76%
Newt Scamander Hufflepuff
76%
Horace Slughorn Slytherin
76%
No matching quizzes found
Score Distribution
Percent of People with Each Score
Percentile by Number Answered
Your Score History
You have not taken this quiz since the last reset